[Event "ODJM A 2015"]
[Site "Willingen GER"]
[Date "2015.05.24"]
[Round "2"]
[White "Böhning, Kilian"]
[Black "Erofeev, Anastasia"]
[Result "1/2-1/2"]
[Termination "normal"]
[Board "8"]
[WhiteElo "2016"]
[BlackElo "1897"]
[WhiteClock "01:24:35"]
[BlackClock "00:30:11"]
[PlyCount "104"]
[WhiteFideId "1270499"]
[BlackFideId "12917915"]
[EventCountry "GER"]
[EventRounds "9"]
[EventType "swiss"]
[EventDate "2015.05.23"]

1. d4 d5 2. Nf3 Nf6 3. Bf4 e6 4. e3 c5 5. c3 Nc6 6. Nbd2 cxd4 7. exd4 Bd6 8.
Bxd6 Qxd6 9. Bd3 O-O 10. O-O Re8 11. Re1 e5 12. dxe5 Nxe5 13. Nxe5 Rxe5 14.
Rxe5 Qxe5 15. Nf3 Qf4 16. Qc1 Qxc1+ 17. Rxc1 Be6 18. Nd4 Nd7 19. Re1 Nc5 20.
Bc2 Re8 21. f3 h6 22. Kf2 Kf8 23. Rd1 Bd7 24. Bf5 Ne6 25. Bxe6 Bxe6 26. Re1 Bd7
27. Rxe8+ Kxe8 28. Ke3 Ke7 29. Ne2 Kd6 30. Kd4 g6 31. Nf4 Bc6 32. Nd3 Bd7 33.
b3 b6 34. Ne5 Be6 35. f4 h5 36. h3 a6 37. g4 hxg4 38. hxg4 f6 39. Nxg6 Bxg4 40.
Nh4 Bh3 41. Nf3 Bf5 42. Nd2 Bh3 43. c4 Bg2 44. b4 Kc6 45. a4 dxc4 46. Nxc4 Bh1
47. Ne3 Bf3 48. Nf5 Bh1 49. Nh6 Kd6 50. f5 Bc6 51. a5 bxa5 52. bxa5 Bd7 1/2-1/2

[Event "ODJM A 2015"]
[Site "Willingen GER"]
[Date "2015.05.24"]
[Round "2"]
[White "Scheinhütte, Jakob"]
[Black "Borchert, René"]
[Result "1/2-1/2"]
[Termination "normal"]
[Board "9"]
[WhiteElo "1789"]
[BlackElo "1979"]
[PlyCount "104"]
[WhiteFideId "24693944"]
[BlackFideId "12990671"]
[EventCountry "GER"]
[EventRounds "9"]
[EventType "swiss"]
[EventDate "2015.05.23"]

1. e4 e5 2. Nf3 Nc6 3. Bb5 a6 4. Ba4 Nf6 5. O-O b5 6. Bb3 Bc5 7. Re1 d6 8. c3
Bg4 9. d3 h6 10. Nbd2 Ne7 11. Nf1 O-O 12. Be3 Bxe3 13. fxe3 Ng6 14. h3 Bc8 15.
Ng3 Bb7 16. Rf1 c5 17. Bc2 Qb6 18. d4 c4 19. Qd2 a5 20. d5 b4 21. Bd1 Rab8 22.
Be2 Ba6 23. Rac1 Rfc8 24. Nh2 bxc3 25. bxc3 Qc5 26. Rb1 Rb6 27. Rxb6 Qxb6 28.
Ng4 Nxg4 29. Bxg4 Rb8 30. Rc1 Nf8 31. Kf1 a4 32. Nh1 a3 33. Nf2 Nh7 34. Nd1 Nf6
35. Bf3 Bc8 36. Qc2 Bd7 37. Kf2 Rb7 38. Ke1 Ne8 39. Kd2 Nc7 40. Be2 Qb5 41. Ra1
Na6 42. Kc1 Qc5 43. Rb1 Rc7 44. Bf3 Qa5 45. Kd2 Ba4 46. Qc1 Kf8 47. Qxa3 Ke7
48. Nb2 Nc5 49. Nxa4 Qxa4 50. Qxa4 Nxa4 51. Rb4 Nc5 52. Rxc4 Ra7 1/2-1/2

[Event "ODJM A 2015"]
[Site "Willingen GER"]
[Date "2015.05.24"]
[Round "2"]
[White "Quante, Lennart"]
[Black "Terhuven, Patrick"]
[Result "1/2-1/2"]
[Termination "normal"]
[Board "10"]
[WhiteElo "2092"]
[BlackElo "2028"]
[PlyCount "42"]
[WhiteFideId "12979627"]
[BlackFideId "12919098"]
[EventCountry "GER"]
[EventRounds "9"]
[EventType "swiss"]
[EventDate "2015.05.23"]

1. e4 c5 2. Nf3 g6 3. d4 cxd4 4. Nxd4 Nc6 5. Be3 Nf6 6. Nd2 Bg7 7. c4 d6 8. Be2
O-O 9. O-O Bd7 10. Bf3 Ne5 11. h3 Bc6 12. Nxc6 bxc6 13. Rb1 c5 14. a3 a5 15. b4
axb4 16. axb4 cxb4 17. Rxb4 Qc7 18. Qe2 Nxf3+ 19. Qxf3 Rab8 20. Rfb1 Rxb4 21.
Rxb4 Nd7 1/2-1/2

[Event "ODJM A 2015"]
[Site "Willingen GER"]
[Date "2015.05.24"]
[Round "2"]
[White "Hesse, Henrik"]
[Black "Bösel, Alexander"]
[Result "1/2-1/2"]
[Termination "normal"]
[Board "11"]
[WhiteElo "1816"]
[BlackElo "1992"]
[PlyCount "116"]
[WhiteFideId "12952060"]
[BlackFideId "4623185"]
[EventCountry "GER"]
[EventRounds "9"]
[EventType "swiss"]
[EventDate "2015.05.23"]

1. c4 e6 2. Nc3 d5 3. d4 Nf6 4. Bg5 Be7 5. Nf3 Nbd7 6. e3 c6 7. Rc1 O-O 8. Bd3
dxc4 9. Bxc4 b5 10. Bd3 a6 11. O-O c5 12. Ne4 c4 13. Bb1 Bb7 14. Nxf6+ Bxf6 15.
Bxf6 Nxf6 16. Ne5 Qd5 17. f3 Rfd8 18. Qe1 Qd6 19. Qh4 h6 20. g4 Nd7 21. Nxd7
Rxd7 22. Rc2 e5 23. Rd2 Qb6 24. Qf2 Rad8 25. Rfd1 b4 26. Bf5 Rd6 27. Rc1 exd4
28. exd4 g6 29. Be4 Bxe4 30. fxe4 c3 31. bxc3 bxc3 32. Rxc3 Qb1+ 33. Qf1 Qxe4
34. Qe2 Qf4 35. h3 Rxd4 36. Rxd4 Qxd4+ 37. Qe3 Qd1+ 38. Kf2 Qd2+ 39. Kg3 Qd6+
40. Kg2 Qd5+ 41. Kg3 Kg7 42. a3 Rd6 43. Rc5 Qd3 44. Rc3 Qf1 45. Rb3 Rf6 46. Rb4
Qa1 47. Rc4 Kh7 48. Rf4 Rxf4 49. Kxf4 Qf1+ 50. Kg3 Qc4 51. Kf2 a5 52. Qe7 a4
53. Kg2 Qa2+ 54. Kg3 Qe6 55. Qc5 Qe1+ 56. Kg2 Qa1 57. Qe7 Kg7 58. Qc5 Qb2+
1/2-1/2

[Event "ODJM A 2015"]
[Site "Willingen GER"]
[Date "2015.05.24"]
[Round "2"]
[White "Hirtreiter, Pierre"]
[Black "Borchert, Louis"]
[Result "1/2-1/2"]
[Termination "normal"]
[Board "12"]
[WhiteElo "2027"]
[BlackElo "1829"]
[PlyCount "93"]
[WhiteFideId "12966312"]
[BlackFideId "12990680"]
[EventCountry "GER"]
[EventRounds "9"]
[EventType "swiss"]
[EventDate "2015.05.23"]

1. e4 e5 2. Nf3 Nc6 3. Bc4 Bc5 4. c3 Nf6 5. d3 d6 6. Bb3 h6 7. h3 O-O 8. Nbd2
Ne7 9. d4 exd4 10. cxd4 Bb4 11. Qe2 d5 12. e5 Ne4 13. a3 Nxd2 14. Bxd2 Bxd2+
15. Qxd2 Bf5 16. O-O Re8 17. Rae1 Qd7 18. Re3 Ng6 19. g4 Be4 20. Nh2 Nf8 21. f4
Rac8 22. Bd1 b6 23. Rg3 c5 24. h4 cxd4 25. g5 h5 26. Bxh5 Rc2 27. Qxd4 Ne6 28.
Qe3 Nc5 29. Qd4 Ne6 30. Qe3 Nc5 31. b4 Na4 32. Bd1 Rc3 33. Qe1 Rxg3+ 34. Qxg3
Nb2 35. Ng4 Qf5 36. Ne3 Qd7 37. Bh5 Bf5 38. Bg4 Bxg4 39. Nxg4 Qf5 40. h5 Kh8
41. h6 d4 42. hxg7+ Kxg7 43. Nh6 Qe6 44. Ng4 Qf5 45. Nh6 Qe6 46. Qg2 Nc4 47.
Qg3 1/2-1/2

[Event "ODJM A 2015"]
[Site "Willingen GER"]
[Date "2015.05.24"]
[Round "2"]
[White "Faulhaber, Tobias"]
[Black "Reisberg, Andre"]
[Result "1/2-1/2"]
[Termination "normal"]
[Board "13"]
[WhiteElo "1917"]
[BlackElo "1977"]
[PlyCount "115"]
[WhiteFideId "1271914"]
[BlackFideId "1270630"]
[EventCountry "GER"]
[EventRounds "9"]
[EventType "swiss"]
[EventDate "2015.05.23"]

1. e4 e6 2. d4 d5 3. e5 c5 4. c3 Nc6 5. Nf3 Bd7 6. Bd3 f6 7. O-O cxd4 8. cxd4
fxe5 9. Nxe5 Nf6 10. Be3 Bd6 11. f4 O-O 12. Nc3 Rc8 13. Rc1 Be8 14. Bb1 Bh5 15.
g4 Bxe5 16. gxh5 Bd6 17. Kh1 Qe8 18. h6 g6 19. Rg1 Kh8 20. Rc2 Qf7 21. Rcg2 Rg8
22. Qf3 Ne7 23. Nd1 Nf5 24. Bxf5 exf5 25. Bf2 Bf8 26. Bh4 Bxh6 27. Bxf6+ Qxf6
28. Qxd5 Bxf4 29. Qxb7 Qxd4 30. Nc3 Qb6 31. Qf3 Be5 32. Nd5 Qd6 33. Rd1 Rgd8
34. Ne3 Qf8 35. Re1 Bg7 36. Qb7 Bd4 37. Qf3 Qg7 38. b3 Bxe3 39. Qxe3 Qd4 40.
Qf3 Qd5 41. Qe2 Rd7 42. Kg1 Rcd8 43. Rf2 Qd4 44. Qb2 Qxb2 45. Rxb2 Rd1 46. Kf2
Rxe1 47. Kxe1 Kg7 48. Rc2 Rd7 49. b4 Kf6 50. Ke2 g5 51. b5 f4 52. a4 g4 53. a5
h5 54. b6 axb6 55. axb6 Rb7 56. Rb2 Kg5 57. Rb5+ Kh4 58. Kf2 1/2-1/2

[Event "ODJM A 2015"]
[Site "Willingen GER"]
[Date "2015.05.24"]
[Round "2"]
[White "Paulus, Jeffrey"]
[Black "Gauchel, Lorenz"]
[Result "1/2-1/2"]
[Termination "normal"]
[Board "14"]
[WhiteElo "1968"]
[BlackElo "1748"]
[PlyCount "80"]
[WhiteFideId "24692468"]
[BlackFideId "12905283"]
[EventCountry "GER"]
[EventRounds "9"]
[EventType "swiss"]
[EventDate "2015.05.23"]

1. d4 d5 2. c4 e6 3. Nf3 Nf6 4. Nc3 c6 5. cxd5 exd5 6. Qc2 Be7 7. Bg5 O-O 8. e3
Bg4 9. Ne5 Be6 10. Bd3 h6 11. Bh4 Ne8 12. Bg3 Nd7 13. f4 Ndf6 14. O-O c5 15. f5
Bc8 16. b3 a6 17. Na4 cxd4 18. exd4 Nd6 19. Nc3 Bd7 20. Nxd7 Qxd7 21. Be5 b5
22. Qf2 Rac8 23. Bxf6 Rxc3 24. Bxg7 Rxd3 25. f6 Rc8 26. Qh4 Nf5 27. Qg4 Rxd4
28. Qxf5 Qxf5 29. Rxf5 Bf8 30. Bxf8 Rxf8 31. Rc1 Re8 32. Rf3 Rg4 33. Rc2 d4 34.
h3 Rg5 35. Rf4 d3 36. Rd2 Re2 37. Rxe2 dxe2 38. Re4 Rf5 39. Rxe2 Rxf6 40. Re4
Kg7 1/2-1/2

[Event "ODJM A 2015"]
[Site "Willingen GER"]
[Date "2015.05.24"]
[Round "2"]
[White "Reitz, Philipp"]
[Black "Koch, Yannick"]
[Result "0-1"]
[Termination "normal"]
[Board "15"]
[WhiteElo "1797"]
[BlackElo "1892"]
[PlyCount "58"]
[WhiteFideId "12973297"]
[BlackFideId "24661678"]
[EventCountry "GER"]
[EventRounds "9"]
[EventType "swiss"]
[EventDate "2015.05.23"]

1. e4 e6 2. d4 d5 3. e5 c5 4. c3 Qb6 5. Nf3 Nc6 6. a3 c4 7. Nbd2 f6 8. exf6
Nxf6 9. Be2 Bd6 10. O-O O-O 11. Re1 Bd7 12. b3 cxb3 13. Nxb3 Rac8 14. Rb1 Qc7
15. h3 Ne4 16. Bb2 Be8 17. Nbd2 Bg6 18. Bd3 Nxf2 19. Kxf2 Bxd3 20. Rxe6 Bxb1
21. Qxb1 Bf4 22. Nb3 Rce8 23. Rxe8 Rxe8 24. Nc5 Na5 25. Qf5 Be3+ 26. Kf1 Qf7
27. Qc2 Nc4 28. Bc1 Qe7 29. Nd3 Bxc1 0-1

[Event "ODJM A 2015"]
[Site "Willingen GER"]
[Date "2015.05.24"]
[Round "2"]
[White "Leyrer, Thomas"]
[Black "Wastian, Jan"]
[Result "0-1"]
[Termination "normal"]
[Board "16"]
[WhiteElo "1864"]
[BlackElo "1672"]
[PlyCount "92"]
[WhiteFideId "12908274"]
[BlackFideId "12911640"]
[EventCountry "GER"]
[EventRounds "9"]
[EventType "swiss"]
[EventDate "2015.05.23"]

1. d4 d5 2. c4 c6 3. cxd5 cxd5 4. Nc3 Nf6 5. Nf3 Nc6 6. Bf4 Nh5 7. Bg5 h6 8.
Bh4 g5 9. Bg3 Nxg3 10. hxg3 Bg7 11. e3 e6 12. Bd3 Bd7 13. Rc1 Rc8 14. Nd2 Qe7
15. Qe2 f5 16. g4 O-O 17. gxf5 exf5 18. Nxd5 Qd6 19. Bc4 Be6 20. Nc3 Bxc4 21.
Qxc4+ Kh8 22. Qb3 f4 23. Nce4 Qe7 24. O-O Qd7 25. Nc5 Qg4 26. Nf3 fxe3 27. fxe3
Nxd4 28. Nxd4 Rxf1+ 29. Kxf1 Bxd4 30. exd4 Qf4+ 31. Ke2 Qxc1 32. Qe6 Qxb2+ 33.
Kd3 Qb5+ 34. Kd2 Qc6 35. Qe5+ Kg8 36. Kd3 Re8 37. Qg3 Qb5+ 38. Kc3 Qa5+ 39. Kb3
Qd2 40. Qd6 Re3+ 41. Kc4 Qxa2+ 42. Kb4 Qb2+ 43. Kc4 b5+ 44. Kd5 Qxg2+ 45. Ne4
Qxe4+ 46. Kc5 Qe7 0-1

[Event "ODJM A 2015"]
[Site "Willingen GER"]
[Date "2015.05.24"]
[Round "2"]
[White "Teichert, Felix"]
[Black "Becker, Robin"]
[Result "1-0"]
[Termination "normal"]
[Board "17"]
[WhiteElo "1804"]
[BlackElo "1958"]
[PlyCount "99"]
[WhiteFideId "12987670"]
[BlackFideId "12955698"]
[EventCountry "GER"]
[EventRounds "9"]
[EventType "swiss"]
[EventDate "2015.05.23"]

1. e4 c5 2. Nf3 e6 3. d4 cxd4 4. Nxd4 Nf6 5. Nc3 Bb4 6. Bg5 Qa5 7. Bd2 Qe5 8.
Nf3 Qc5 9. Bd3 d5 10. e5 Nfd7 11. O-O Bxc3 12. Bxc3 Nc6 13. Be2 O-O 14. Re1 a5
15. Bd3 h6 16. g4 d4 17. Nxd4 Ncxe5 18. Nb3 Qc7 19. Bf1 a4 20. Nd4 b6 21. Bg2
Rb8 22. Nb5 Qc5 23. Nd6 Rd8 24. Nxc8 Rbxc8 25. Bd4 Qc7 26. Qe2 Ng6 27. Be4 Ndf8
28. Qe3 Rb8 29. Rad1 Qf4 30. Qxf4 Nxf4 31. Be5 Nh3+ 32. Kg2 Ng5 33. Bxb8 Rxb8
34. Bc6 b5 35. c3 Ng6 36. Rd7 b4 37. Red1 bxc3 38. Rd8+ Rxd8 39. Rxd8+ Kh7 40.
bxc3 Ne5 41. Bxa4 Ne4 42. Bc2 f5 43. gxf5 exf5 44. Bxe4 fxe4 45. Re8 Nc4 46.
Rxe4 Nb6 47. a4 Kg6 48. a5 Na8 49. Re7 Kf6 50. Ra7 1-0

[Event "ODJM A 2015"]
[Site "Willingen GER"]
[Date "2015.05.24"]
[Round "2"]
[White "Doberitz, Paul"]
[Black "Denkert, Robert"]
[Result "1-0"]
[Termination "normal"]
[Board "18"]
[WhiteElo "2194"]
[BlackElo "1737"]
[PlyCount "75"]
[WhiteFideId "24646130"]
[BlackFideId "12957216"]
[EventCountry "GER"]
[EventRounds "9"]
[EventType "swiss"]
[EventDate "2015.05.23"]

1. e4 e6 2. d4 d5 3. Nc3 Bb4 4. e5 c5 5. a3 Bxc3+ 6. bxc3 Ne7 7. Qg4 O-O 8. Nf3
Nbc6 9. Bd3 f5 10. exf6 Rxf6 11. Qh5 g6 12. Qh4 Nf5 13. Bxf5 Rxf5 14. Ng5 Qc7
15. O-O e5 16. c4 Nxd4 17. cxd5 Ne2+ 18. Kh1 Nxc1 19. Raxc1 Qe7 20. Nf3 Qxh4
21. Nxh4 Rh5 22. g3 b5 23. Ng2 Bb7 24. Ne3 e4 25. Rfd1 Rd8 26. Rb1 Ba6 27. Kg2
Kg7 28. c3 Re5 29. Rd2 Rd6 30. a4 b4 31. cxb4 cxb4 32. Rxb4 h5 33. Rdd4 Kf6 34.
Rxe4 Rxe4 35. Rxe4 Bb7 36. Rf4+ Ke7 37. Rb4 Rd7 38. Kf3 1-0

[Event "ODJM A 2015"]
[Site "Willingen GER"]
[Date "2015.05.24"]
[Round "2"]
[White "Kornitzky, Tino"]
[Black "Steingräber, Kai Uwe"]
[Result "0-1"]
[Termination "normal"]
[Board "19"]
[WhiteElo "1622"]
[BlackElo "2195"]
[PlyCount "56"]
[WhiteFideId "12970379"]
[BlackFideId "1271602"]
[EventCountry "GER"]
[EventRounds "9"]
[EventType "swiss"]
[EventDate "2015.05.23"]

1. d4 Nf6 2. c4 g6 3. Nc3 Bg7 4. e4 d6 5. Be2 O-O 6. Nf3 Na6 7. O-O c5 8. d5
Nc7 9. a3 a6 10. b4 cxb4 11. axb4 Nxe4 12. Nxe4 Bxa1 13. Bh6 Bg7 14. Bxg7 Kxg7
15. Qd4+ f6 16. c5 dxc5 17. Qxc5 Ne8 18. Rd1 Nd6 19. Nxd6 Qxd6 20. Nd2 b6 21.
Qxd6 exd6 22. Nc4 b5 23. Nxd6 Rd8 24. Nxc8 Raxc8 25. Ra1 Rxd5 26. Rxa6 Rc1+ 27.
Bf1 Rdd1 28. Ra7+ Kh6 0-1

[Event "ODJM A 2015"]
[Site "Willingen GER"]
[Date "2015.05.24"]
[Round "2"]
[White "Falke, Isaak"]
[Black "Longo, Claudio"]
[Result "1/2-1/2"]
[Termination "normal"]
[Board "20"]
[WhiteElo "2020"]
[BlackElo "2013"]
[PlyCount "44"]
[WhiteFideId "24614483"]
[BlackFideId "12994766"]
[EventCountry "GER"]
[EventRounds "9"]
[EventType "swiss"]
[EventDate "2015.05.23"]

1. d4 d5 2. Nf3 Nf6 3. c4 c6 4. Nc3 e6 5. e3 Nbd7 6. Bd3 Be7 7. O-O O-O 8. b3
b6 9. Bb2 Bb7 10. Qe2 Re8 11. Ne5 Nf8 12. Rfd1 Ng6 13. Rac1 Rc8 14. Nxg6 hxg6
15. e4 dxe4 16. Nxe4 Nxe4 17. Bxe4 Bf6 18. Qf3 Qe7 19. Re1 Ba8 20. Rcd1 c5 21.
Bxa8 Rxa8 22. Ba3 Qc7 1/2-1/2

[Event "ODJM A 2015"]
[Site "Willingen GER"]
[Date "2015.05.24"]
[Round "2"]
[White "Berger, Nadja"]
[Black "Heldt, Nils-Lennart"]
[Result "1/2-1/2"]
[Termination "normal"]
[Board "21"]
[WhiteElo "1808"]
[BlackElo "1844"]
[PlyCount "62"]
[WhiteFideId "24692212"]
[BlackFideId "12952109"]
[EventCountry "GER"]
[EventRounds "9"]
[EventType "swiss"]
[EventDate "2015.05.23"]

1. c4 c6 2. g3 d5 3. Nf3 Nf6 4. Bg2 e6 5. b3 Be7 6. O-O O-O 7. Bb2 a5 8. d3
Nbd7 9. Nbd2 Nb6 10. Qc2 c5 11. e4 d4 12. e5 Ng4 13. Rfe1 Qc7 14. h3 Nh6 15.
Bc1 Nd7 16. Nf1 Nf5 17. Bf4 Rb8 18. N1d2 h6 19. h4 b6 20. Ne4 Bb7 21. Qe2 Rfd8
22. Bh3 Qc6 23. Bg2 Qc7 24. Ned2 Nf8 25. Bh3 Ng6 26. Ne4 Nxf4 27. gxf4 Qc6 28.
Kh2 Kh8 29. Rg1 Rg8 30. h5 Qe8 31. Rg2 Rd8 1/2-1/2

[Event "ODJM A 2015"]
[Site "Willingen GER"]
[Date "2015.05.24"]
[Round "2"]
[White "Wieber, Dominik"]
[Black "Torzinski, Nils"]
[Result "1-0"]
[Termination "normal"]
[Board "23"]
[WhiteElo "1851"]
[BlackElo "1859"]
[PlyCount "93"]
[WhiteFideId "24699012"]
[BlackFideId "24695840"]
[EventCountry "GER"]
[EventRounds "9"]
[EventType "swiss"]
[EventDate "2015.05.23"]

1. e4 e5 2. Nf3 Nc6 3. Bb5 a6 4. Bxc6 dxc6 5. d3 Bd6 6. Be3 Nf6 7. Nbd2 Be6 8.
d4 Ng4 9. dxe5 Nxe5 10. Nxe5 Bxe5 11. O-O O-O 12. c3 Qd3 13. Re1 Rad8 14. Nf3
Qb5 15. Qc2 Bc4 16. a4 Qa5 17. b4 Bxh2+ 18. Nxh2 Qh5 19. Rad1 Rc8 20. Rd2 Rfe8
21. Qd1 Qxd1 22. Rexd1 Bb3 23. Re1 Rxe4 24. Rd4 Re7 25. a5 Re5 26. Nf3 Rh5 27.
g4 Rd5 28. Nd2 Bc2 29. Rc1 Bg6 30. Nc4 Re8 31. Rcd1 Be4 32. Bf4 Bf3 33. R1d2
Rxd4 34. Rxd4 Bxg4 35. Bxc7 Bf3 36. Kh2 h6 37. Ne3 Re7 38. Bb6 g6 39. Kg3 Be4
40. Rd8+ Kg7 41. Bd4+ f6 42. Rd6 Rf7 43. Ng4 Bf5 44. Nxf6 Kf8 45. Rd8+ Ke7 46.
Re8+ Kd6 47. Be5# 1-0

[Event "ODJM A 2015"]
[Site "Willingen GER"]
[Date "2015.05.24"]
[Round "2"]
[White "Boes, Julian"]
[Black "Schimnatkowski, Lukas"]
[Result "1-0"]
[Termination "normal"]
[Board "24"]
[WhiteElo "1936"]
[BlackElo "1851"]
[PlyCount "51"]
[WhiteFideId "12907723"]
[BlackFideId "12936723"]
[EventCountry "GER"]
[EventRounds "9"]
[EventType "swiss"]
[EventDate "2015.05.23"]

1. e4 e6 2. d4 d5 3. Nc3 Nf6 4. e5 Nfd7 5. Nce2 c5 6. c3 Qb6 7. f4 Nc6 8. Nf3
Be7 9. a3 O-O 10. Neg1 Kh8 11. b4 cxb4 12. cxb4 a6 13. Bb2 f6 14. Bd3 fxe5 15.
fxe5 Nxb4 16. axb4 Bxb4+ 17. Ke2 a5 18. Qc2 Qa7 19. Bxh7 b5 20. Nh3 Be7 21.
Raf1 Ba6 22. Kd1 Rac8 23. Qb1 b4 24. Bd3 b3 25. Nhg5 Nxe5 26. Nxe5 1-0

[Event "ODJM A 2015"]
[Site "Willingen GER"]
[Date "2015.05.24"]
[Round "2"]
[White "Tiedemann, Fin Niklas"]
[Black "Engel, Robert"]
[Result "1-0"]
[Termination "normal"]
[Board "25"]
[WhiteElo "1774"]
[BlackElo "1718"]
[PlyCount "55"]
[WhiteFideId "12936936"]
[BlackFideId "12974684"]
[EventCountry "GER"]
[EventRounds "9"]
[EventType "swiss"]
[EventDate "2015.05.23"]

1. e4 c5 2. c3 Nf6 3. e5 Nd5 4. Bc4 Nb6 5. Bb3 c4 6. Bc2 Nc6 7. Nf3 Qc7 8. Qe2
e6 9. d4 cxd3 10. Bxd3 d5 11. O-O Be7 12. Re1 Bd7 13. Nbd2 O-O 14. Nd4 a6 15.
N2f3 Rac8 16. Bg5 Qd8 17. Bxe7 Qxe7 18. Nxc6 Rxc6 19. Nd4 Rc7 20. f4 g6 21. g4
Kh8 22. g5 Qc5 23. Qf2 Nc4 24. Bxc4 Qxc4 25. Re3 b5 26. Rh3 Rg8 27. Rxh7+ Kxh7
28. Qh4+ 1-0

[Event "ODJM A 2015"]
[Site "Willingen GER"]
[Date "2015.05.24"]
[Round "2"]
[White "Zesewitz, Maik"]
[Black "Jacob, Karl"]
[Result "1-0"]
[Termination "normal"]
[Board "26"]
[WhiteElo "1604"]
[BlackElo "1826"]
[PlyCount "35"]
[WhiteFideId "12905640"]
[BlackFideId "24696684"]
[EventCountry "GER"]
[EventRounds "9"]
[EventType "swiss"]
[EventDate "2015.05.23"]

1. f4 e5 2. e4 d5 3. exd5 Bc5 4. Nf3 Bg4 5. fxe5 Qxd5 6. Nc3 Bxf3 7. Nxd5 Bxd1
8. Kxd1 Kd8 9. c3 c6 10. Nf4 Bb6 11. Bc4 Ke7 12. d4 Nd7 13. Nd3 Re8 14. Bg5+ f6
15. exf6+ Ngxf6 16. Ne5 Rhf8 17. Re1 Kd8 18. Nf7+ 1-0

[Event "ODJM A 2015"]
[Site "Willingen GER"]
[Date "2015.05.24"]
[Round "2"]
[White "Thumm, Felix"]
[Black "Meyer, Nico"]
[Result "1-0"]
[Termination "normal"]
[Board "27"]
[WhiteElo "1802"]
[BlackElo "1447"]
[PlyCount "139"]
[WhiteFideId "12902209"]
[BlackFideId "12975257"]
[EventCountry "GER"]
[EventRounds "9"]
[EventType "swiss"]
[EventDate "2015.05.23"]

1. d4 c5 2. e3 cxd4 3. exd4 d5 4. Nf3 Bg4 5. Nc3 e6 6. Bf4 Bd6 7. Bg3 Nf6 8.
Be2 Bb4 9. O-O Bxc3 10. bxc3 Ne4 11. Qd3 Bxf3 12. Bxf3 Nxg3 13. hxg3 Qc7 14.
Rab1 Nd7 15. Rb3 Rc8 16. Rfb1 b6 17. Ra3 O-O 18. Qa6 Nb8 19. Qa4 Nc6 20. Be2
Na5 21. Ba6 Rcd8 22. Kh2 Rd7 23. Bb5 Re7 24. Qb4 Rd8 25. Rd1 Qd6 26. Ra4 Rc7
27. Bd3 Qc6 28. Ra3 g6 29. Re1 Nc4 30. Bxc4 Qxc4 31. Qxc4 Rxc4 32. Re3 Rd7 33.
g4 Rdc7 34. Kg3 Kg7 35. Kf4 Kf6 36. g5+ Ke7 37. Kf3 b5 38. Rb3 a6 39. Ke2 b4
40. Rh3 bxc3 41. Kd3 Ra4 42. a3 Rcc4 43. Rb7+ Kf8 44. Rxh7 Rxd4+ 45. Kxc3 Rf4
46. Rh8+ Kg7 47. Rbb8 f6 48. Rhg8+ Kf7 49. Rgf8+ Kg7 50. gxf6+ Rxf6 51. Rxf6
Kxf6 52. Kb3 Re4 53. c3 Ke7 54. Rb7+ Kf6 55. Ra7 Re2 56. Rxa6 Rxf2 57. a4 Ke7
58. Kb4 Rf4+ 59. Kb5 Rf1 60. Rb6 Rb1+ 61. Kc5 Rxb6 62. Kxb6 e5 63. Kc5 e4 64.
Kd4 Kd6 65. a5 Kc6 66. c4 dxc4 67. Kxc4 e3 68. Kd3 Kb5 69. Kxe3 Kxa5 70. Kf4
1-0

[Event "ODJM A 2015"]
[Site "Willingen GER"]
[Date "2015.05.24"]
[Round "2"]
[White "Sauer, Annika"]
[Black "Buhr, Patrick"]
[Result "1/2-1/2"]
[Termination "normal"]
[Board "28"]
[WhiteElo "1646"]
[BlackElo "1769"]
[PlyCount "66"]
[WhiteFideId "12952052"]
[BlackFideId "16206436"]
[EventCountry "GER"]
[EventRounds "9"]
[EventType "swiss"]
[EventDate "2015.05.23"]

1. d4 d5 2. Nf3 Nf6 3. e3 Bf5 4. Be2 e6 5. O-O c5 6. b3 Nc6 7. Bb2 Bd6 8. a3
Qc7 9. Nbd2 cxd4 10. exd4 O-O 11. Re1 Rfc8 12. c4 b6 13. Rc1 Qe7 14. b4 dxc4
15. Nxc4 Bf4 16. Ra1 Rc7 17. Bc1 Bxc1 18. Rxc1 Rac8 19. Qd2 Nd5 20. Nfe5 Nxe5
21. Nxe5 Rc2 22. Ba6 h6 23. Rxc2 Rxc2 24. Qd1 Qc7 25. Bd3 Bxd3 26. Qxd3 Qc3 27.
Qxc3 Rxc3 28. Ra1 Nc7 29. a4 b5 30. g3 Kf8 31. axb5 Nxb5 32. Ra5 Nxd4 33. Rxa7
Nf3+ 1/2-1/2

[Event "ODJM A 2015"]
[Site "Willingen GER"]
[Date "2015.05.24"]
[Round "2"]
[White "Biefel, Christian"]
[Black "Hundrieser, Malte"]
[Result "1-0"]
[Termination "normal"]
[Board "29"]
[WhiteElo "1769"]
[BlackElo "1659"]
[PlyCount "55"]
[WhiteFideId "24692646"]
[BlackFideId "12997153"]
[EventCountry "GER"]
[EventRounds "9"]
[EventType "swiss"]
[EventDate "2015.05.23"]

1. d4 d5 2. c4 e6 3. Nc3 Nf6 4. cxd5 exd5 5. Bg5 Be7 6. e3 O-O 7. Bd3 Be6 8.
Nge2 c6 9. O-O Re8 10. Qc2 h6 11. Bh4 Bg4 12. f3 Bc8 13. e4 dxe4 14. fxe4 Ng4
15. Bxe7 Qxe7 16. Rf3 Qh4 17. h3 Nf6 18. e5 Nd5 19. Raf1 Be6 20. Bf5 Bxf5 21.
Qxf5 Rf8 22. Nxd5 cxd5 23. e6 Nc6 24. exf7+ Kh8 25. Nf4 Ne7 26. Qe6 Kh7 27. Re3
g5 28. Qxe7 1-0

[Event "ODJM A 2015"]
[Site "Willingen GER"]
[Date "2015.05.24"]
[Round "2"]
[White "Glaser, Maximilian"]
[Black "Sinnhöfer, Jonas"]
[Result "1-0"]
[Termination "normal"]
[Board "30"]
[WhiteElo "1721"]
[BlackElo "1671"]
[PlyCount "89"]
[WhiteFideId "12956961"]
[BlackFideId "12982938"]
[EventCountry "GER"]
[EventRounds "9"]
[EventType "swiss"]
[EventDate "2015.05.23"]

1. d4 d5 2. e3 Nf6 3. Bd3 e6 4. Nd2 c5 5. c3 Nc6 6. f4 Bd6 7. Ngf3 Nd7 8. O-O
O-O 9. Ne5 Ncxe5 10. fxe5 Be7 11. Nf3 b6 12. Bd2 c4 13. Bc2 Bb7 14. Be1 f6 15.
Bg3 f5 16. Qe2 Nb8 17. Kf2 Qc8 18. Ke1 b5 19. Kd2 a5 20. Bf4 Kf7 21. Ng5+ Bxg5
22. Bxg5 g6 23. h4 h5 24. g4 hxg4 25. Qxg4 Ke8 26. Qe2 Qd7 27. h5 Qf7 28. hxg6
Qxg6 29. Rg1 Rg8 30. Bf6 Qf7 31. Rxg8+ Qxg8 32. Rh1 Kd7 33. Rh8 Qg6 34. Rd8+
Kc7 35. Rd6 Qf7 36. Bxf5 exf5 37. Bd8+ Kc8 38. e6 Qe8 39. e7 Nc6 40. Qf3 Nxe7
41. Bxe7 Qxe7 42. Qxf5+ Kc7 43. Re6 Qf8 44. Rf6 Qb8 45. Qh7+ 1-0

[Event "ODJM A 2015"]
[Site "Willingen GER"]
[Date "2015.05.24"]
[Round "2"]
[White "Hoppe, Andreas"]
[Black "Pysarenko, Kyrill"]
[Result "1/2-1/2"]
[Termination "normal"]
[Board "31"]
[WhiteElo "1767"]
[BlackElo "1482"]
[PlyCount "118"]
[WhiteFideId "12922811"]
[BlackFideId "12974250"]
[EventCountry "GER"]
[EventRounds "9"]
[EventType "swiss"]
[EventDate "2015.05.23"]

1. d4 c5 2. Nf3 e6 3. e4 cxd4 4. Nxd4 Nc6 5. Nc3 Qc7 6. Be3 a6 7. Qd2 Nf6 8.
O-O-O b5 9. Be2 b4 10. Na4 Nxe4 11. Qd3 Nf6 12. Nxc6 Qxc6 13. Bf3 d5 14. b3 Be7
15. Bd4 Rb8 16. g4 Kf8 17. h4 Ng8 18. g5 a5 19. Qe3 Ba6 20. h5 h6 21. gxh6 Nxh6
22. Qe5 Bd6 23. Qxg7+ Ke7 24. Qf6+ Kd7 25. Be3 Be7 26. Qe5 Bd6 27. Qf6 Be7 28.
Qd4 Nf5 29. Nb6+ Kc7 30. Bf4+ Bd6 31. Bxd6+ Qxd6 32. Nxd5+ exd5 33. Qxd5 Qxd5
34. Rxd5 Rb5 35. Rhd1 Rxd5 36. Rxd5 Nh4 37. Bg4 Bc8 38. Bxc8 Kxc8 39. Rxa5 Rh6
40. Rb5 Kc7 41. Rxb4 Rxh5 42. Rf4 Rh7 43. a4 Ng6 44. Rf6 Ne5 45. Kb2 Nc6 46. c3
Ne5 47. b4 Rg7 48. Kb3 Nc6 49. b5 Ne7 50. c4 Nc8 51. a5 Kb8 52. b6 Rg6 53. Rxg6
fxg6 54. c5 Kb7 55. Kb4 Ka6 56. c6 Nxb6 57. Kc5 Kxa5 58. c7 Ka6 59. Kd6 Kb7
1/2-1/2